Statistics for Name a Valid Queen Song

Click here to take the quiz!

General Stats

  • This quiz has been taken 30 times
  • The average score is 7 of 20

Answer Stats

Name a song ...Valid Songs% Correct
with a music video banned by MTVBody Language | I Want To Break Free
89%
that reached the top of the UK ChartsBohemian Rhapsody | Under Pressure | Innuendo | These Are The Days Of Our Lives
78%
that does not feature the title in the lyricsA Winter's Tale | Bohemian Rhapsody | Brighton Rock | Tenement Funster | The Fairy Feller's Master-Stroke | The Millionaire Waltz | The Prophet's Song
70%
named the same as the album it is featured onA Kind Of Magic | The Miracle | Innuendo | Made In Heaven
52%
sung mainly by Roger TaylorDrowse | Fight From The Inside | I'm In Love With My Car | Loser In The End | Modern Times Rock 'n' Roll | More Of That Jazz | Rock It (Prime Jive) | Tenement Funster
48%
with no letters in the title13 [Untitled Hidden Track] | '39
41%
that has no lyricsChinese Torture | God Save the Queen | Procession | Seven Seas of Rhye
41%
that is between 1:00 and 1:30 minutes longDear Friends | Lazing on a Sunday Afternoon | Nevermore | Procession | Seven Seas of Rhye
37%
with the title at the beginning of the lyricsDelilah | Don't Lose Your Head | Flash | Funny How Love Is | Get Down, Make Love | Great King Rat | I Can't Live With You | I Want To Break Free | I Was Born To Love You | It's A Beautiful Day | Love Of My Life | Machines | Ride The Wild Wind | Scandal | Yeah | You Don't Fool Me
37%
longer than six minutes13 | Father to Son | Innuendo | It's Late | Liar | The March Of The Black Queen | The Prophet's Song
33%
mainly sung by Brian May'39 | Good Company | Leaving Home Ain't Easy | Long Away | She Makes Me | Sleeping on the Sidewalk | Some Day One Day
33%
with Freddie's vocals recorded after the release of InnuendoA Winter's Tale | Mother Love | You Don't Fool Me
30%
officially written only by John Deacon after 1980Back Chat | I Want To Break Free | Need Your Loving Tonight | One Year Of Love
30%
with a one word title starting with MMachines | Misfire | Mustapha
30%
in which every band member is named in the lyricsThe Invisible Man
30%
that features a sample of an older Queen songIt's A Beautiful Day | Mother Love
19%
with strings or synth stringsOne Year Of Love | Was It All Worth It | Who Wants To Live Forever
19%
with a synth drum introAction This Day | Back Chat | Don't Lose Your Head | My Baby Does Me | Party | Radio Ga Ga | Rain Must Fall
11%
with "hey" as the first word of the lyricsFight From The Inside | Let Me Entertain You | Man On The Prowl | One Vision
7%
featuring three lead singersLet Me Live
4%

Score Distribution

Percentile by Number Answered

Percent of People with Each Score

Your Score History

You have not taken this quiz